00607nam a2200133 i 4500001000300000245023600003260003400239300003000273040000800303041000800311080001500319008004100334856009800375bg 0aFunctional differential systems and related topics :bproceedings of the First International Conference held at Błażejewko, May 19-May 26, 1979 /ced. by Michał Kisielewicz ; The Higher College of Engineering in Zielona Góra. aZielona Góra :bHCE,c1980. a340 s. :bwykr. ;c24 cm. cBPK apol a517(061.3) s pl f |000 0 pol  uhttp://koha.tu.koszalin.pl/cgi-bin/koha/opac-detail.pl?biblionumber=20689yKatalog online BPK